<?xml version="1.0" encoding="UTF-8"?>
<record
    xmlns:xsi="http://www.w3.org/2001/XMLSchema-instance"
    xsi:schemaLocation="http://www.loc.gov/MARC21/slim http://www.loc.gov/standards/marcxml/schema/MARC21slim.xsd"
    xmlns="http://www.loc.gov/MARC21/slim">

  <leader>01538nam a2200217   4500</leader>
  <controlfield tag="005">20251226112938.0</controlfield>
  <datafield tag="020" ind1=" " ind2=" ">
    <subfield code="a">9789364448642</subfield>
  </datafield>
  <datafield tag="041" ind1=" " ind2=" ">
    <subfield code="a"> English</subfield>
  </datafield>
  <datafield tag="082" ind1=" " ind2=" ">
    <subfield code="a">332.632</subfield>
    <subfield code="b">GRA/S</subfield>
  </datafield>
  <datafield tag="084" ind1=" " ind2=" ">
    <subfield code="2">Colon Classification</subfield>
  </datafield>
  <datafield tag="100" ind1=" " ind2=" ">
    <subfield code="a">Graham, Benjamin</subfield>
    <subfield code="9">6915</subfield>
  </datafield>
  <datafield tag="245" ind1=" " ind2=" ">
    <subfield code="a">Security Analysis : Principles and Technique</subfield>
    <subfield code="c">/edited by Seth A. Klarman</subfield>
  </datafield>
  <datafield tag="250" ind1=" " ind2=" ">
    <subfield code="a">7th ed.</subfield>
  </datafield>
  <datafield tag="260" ind1=" " ind2=" ">
    <subfield code="a">New York:</subfield>
    <subfield code="b">Mc Graw Hill,</subfield>
    <subfield code="c">2024.</subfield>
  </datafield>
  <datafield tag="300" ind1=" " ind2=" ">
    <subfield code="a">800p.</subfield>
  </datafield>
  <datafield tag="500" ind1=" " ind2=" ">
    <subfield code="a">First published in 1934, Security Analysis is one of the most influential financial books ever written. With over a million copies sold, it has provided generations of investors with Benjamin Graham and David L. Dodd&#x2019;s timeless value investing philosophy and techniques. This seventh edition builds on the context and commentary of the sixth edition from ten of today&#x2019;s leading voices on Wall Street. These masters of value investing discuss the influence of Graham and Dodd on today&#x2019;s markets and contextualize the philosophy that influenced so many famous investors. Lead editor Seth Klarman, considered an intellectual successor to Warren Buffett in value investing, has assembled a team of contributors to provide commentary on Security Analysis in terms of today&#x2019;s markets and practices, including how today&#x2019;s value investors should assess markets, asset classes, and securities Graham and Dodd could not have possibly foreseen.</subfield>
  </datafield>
  <datafield tag="650" ind1=" " ind2=" ">
    <subfield code="a">Security Analysis</subfield>
    <subfield code="9">3006</subfield>
  </datafield>
  <datafield tag="700" ind1=" " ind2=" ">
    <subfield code="a">Dodd, David L.</subfield>
    <subfield code="9">6916</subfield>
  </datafield>
  <datafield tag="700" ind1=" " ind2=" ">
    <subfield code="a">Klarman, Seth A. (ed..)</subfield>
    <subfield code="9">6917</subfield>
  </datafield>
  <datafield tag="942" ind1=" " ind2=" ">
    <subfield code="2">ddc</subfield>
    <subfield code="c">BK</subfield>
  </datafield>
  <datafield tag="999" ind1=" " ind2=" ">
    <subfield code="c">754550</subfield>
    <subfield code="d">754550</subfield>
  </datafield>
  <datafield tag="952" ind1=" " ind2=" ">
    <subfield code="0">0</subfield>
    <subfield code="1">0</subfield>
    <subfield code="2">ddc</subfield>
    <subfield code="4">0</subfield>
    <subfield code="7">0</subfield>
    <subfield code="8">NFIC</subfield>
    <subfield code="a">ECN</subfield>
    <subfield code="b">ECN</subfield>
    <subfield code="c">PROC</subfield>
    <subfield code="d">2025-12-26</subfield>
    <subfield code="e">MBC/0525/2025,01/12/2025</subfield>
    <subfield code="g">2295.00</subfield>
    <subfield code="l">0</subfield>
    <subfield code="o">332.632 GRA/S</subfield>
    <subfield code="p">ECN16887</subfield>
    <subfield code="r">2025-12-26 06:00:16</subfield>
    <subfield code="w">2025-12-26</subfield>
    <subfield code="y">BK</subfield>
  </datafield>
</record>
